[Event "BCF-chT4a 0405 (4NCL)"]
[White "Edwards, Roger J"]
[Black "Smith, Jonathan"]
[Site "Telford"]
[Round "2.5"]
[Result "0-1"]
[Date "2004.11.07"]
[WhiteElo "1960"]
[BlackElo "1925"]
[PlyCount "88"]
[EventDate "2004.11.06"]
[EventType "team-tourn"]
[EventRounds "11"]
[EventCountry "ENG"]
[SourceTitle "EXT 2006"]
[Source "ChessBase"]
[SourceDate "2005.11.24"]
[SourceVersion "1"]
[SourceVersionDate "2005.11.24"]
[SourceQuality "1"]
[WhiteTeam "Cheddleton"]
[BlackTeam "Oxford II"]
[WhiteTeamCountry "ENG"]
[BlackTeamCountry "ENG"]

1. e4 c5 2. Nf3 e6 3. d4 cxd4 4. Nxd4 Nf6 5. Nc3 Nc6 6. Nxc6 bxc6 7. Bd3 Bb4 8. Bd2 d5 9. 0-0 d4 10. Ne2 Bxd2 11. Qxd2 e5 12. f4 Ng4 13. fxe5 Nxe5 14. Qf4 f6 15. Ng3 0-0 16. Nf5 c5 17. Qg3 g6 18. b3 Be6 19. Be2 Kh8 20. Nh6 Qe7 21. Ng4 Bxg4 22. Bxg4 Nxg4 23. Qxg4 Rae8 24. Rae1 f5 25. exf5 Qxe1 26. Rxe1 Rxe1+ 27. Kf2 Re3 28. h3 Rxf5+ 29. Kg1 Kg7 30. Qh4 Re2 31. Qd8 Rxc2 32. Qe7+ Rf7 33. Qe5+ Kh6 34. a4 Rff2 35. g4 Rg2+ 36. Kh1 Rge2 37. Qf4+ Kg7 38. Qc7+ Kf6 39. g5+ Kxg5 40. Qg3+ Kf5 41. Qg4+ Ke5 42. Qg3+ Ke4 43. Qg4+ Kd3 44. Qf3+ Kd2 0-1

[Event "Southend op"]
[White "Spence, David"]
[Black "Smith, Jonathan"]
[Site "London"]
[Round "1"]
[Result "1-0"]
[Date "2002.03.29"]
[WhiteElo "2179"]
[BlackElo "1656"]
[PlyCount "87"]
[EventDate "2002.03.29"]
[EventType "swiss"]
[EventRounds "7"]
[EventCountry "ENG"]
[SourceTitle "EXT 2006"]
[Source "ChessBase"]
[SourceDate "2005.11.24"]
[SourceVersion "1"]
[SourceVersionDate "2005.11.24"]
[SourceQuality "1"]

1. d4 Nf6 2. Nf3 c5 3. e3 cxd4 4. exd4 d5 5. Bd3 Bg4 6. Nbd2 e6 7. c3 Bd6 8. 0-0 0-0 9. Re1 Nbd7 10. Qc2 Re8 11. Ne5 Nf8 12. Nxg4 Nxg4 13. h3 Nf6 14. Nf3 Qc7 15. Ne5 a6 16. b3 Rac8 17. Bb2 b5 18. Qe2 N6d7 19. a4 bxa4 20. Bxa6 Rb8 21. b4 Bxe5 22. dxe5 Ng6 23. Bb5 Ngxe5 24. Rxa4 Nc4 25. Bxc4 Qxc4 26. Qxc4 dxc4 27. Bc1 Nb6 28. Ra5 Red8 29. Bf4 Ra8 30. Bc7 Nd5 31. Bxd8 Rxd8 32. Rc1 Nf4 33. Rca1 Ne2+ 34. Kf1 Nxc3 35. Ra8 Rf8 36. Rxf8+ Kxf8 37. Rc1 Ne4 38. Ke2 Nd6 39. Ra1 Ke7 40. Ra7+ Kf6 41. Ke3 h5 42. Ra5 g6 43. Kd4 g5 44. Kc5 1-0